000 00627nam a2200217 a 4500
999 _c2241
_d2241
001 2241
003 BD-JhCC
005 20171031121614.0
008 171031s1976 bg |||| ||a| 000 0 ben d
035 _a(BD-JhCC)
040 _aBD-JhCC
_dBD-JhCC
_c2241
041 _aben
082 _a891.4409
_bKAD 1976
100 _aকাদির, আবদুল
245 _aকাজী আবদুল ওদুদ /
_cআবদুল কাদির
260 _aঢাকা :
_bবাংলা একাডেমী,
_c1976.
300 _a104 p. :
_c21 cm.
650 _aBengali Literature
942 _2ddc
_cBK